000 01305cam a22003617a 4500
003 CHAP
005 20220329140515.0
008 971013s1974 r 00010 d
010 _a53014
011 _a53986
035 _a58136
040 _cCHAP
082 _a323.354
_bR68
100 0 0 _aRosner, Monroe Herman.
_9100165
245 1 4 _aThe problem of employment creation and the role of the agricultural sector in Latin America
260 _aMadison, Wis. :
_bLand Tenure Center,
_c1974
300 _a101 p.
490 0 _aResearch report
_v; 57
590 _aBATCH-UPD
_b10
_c20130110
_lUCH01
_h0049
590 _aBATCH-UPD
_b10
_c20130110
_lUCH01
_h1048
590 _aBATCH-UPD
_b10
_c20130409
_lUCH01
_h2035
590 _aBATCH-UPD
_b10
_c20130410
_lUCH01
_h0646
590 _aBATCH-UPD
_b10
_c20130913
_lUCH01
_h2123
590 _aCONVERSION
_b10
_c20130109
_lUCH01
_h1329
650 1 4 _aAgricultura y Estado
_xAmérica Latina.
_92036
650 1 4 _aAgricultura
_xTrabajadores
_xAmérica Latina.
_91843
650 1 4 _aTrabajo y trabajadores
_zAmérica Latina.
_9114552
830 0 _aResearch report
_v; 57
_996080
901 _aBK
942 _cLIBRO
949 _a323.354 R68
_bBC
_cLIBRO
_d33724000299806
_eLIBRO
_fc.2
_h38265
_i58136
_si
949 _a323.354 R68
_bBC
_cLIBRO
_d33724000299814
_eLIBRO
_h38264
_i58136
_si
999 _c53014
_d53014